| 000 | 00749nam a22002177a 4500 | ||
|---|---|---|---|
| 999 |
_c1362 _d1362 |
||
| 003 | CoMeUDC | ||
| 005 | 20210615162803.0 | ||
| 008 | 210615b ||||| |||| 00| 0 eng d | ||
| 020 | _a9789584675330 | ||
| 040 | _cCO-UdeCO | ||
| 082 |
_a306.3 _bJ61 |
||
| 100 |
_91680 _aJiménez Mejía, Gustavo Adolfo |
||
| 245 |
_aSociología del comportamiento del consumidor y sociedad del consumo / _cGustavo Adolfo Jiménez Mejía. |
||
| 260 |
_aMedellín : _bPolitécnico nacional de formación empresarial, _c2014. |
||
| 300 |
_a191 p. ; _c23 cm. |
||
| 504 | _aIncluye glosario de términos y bibliografía | ||
| 650 | 0 |
_9703 _aComportamiento del consumidor. |
|
| 650 | 0 |
_91681 _aSociedad de consumo |
|
| 650 | 0 |
_9863 _aConsumidores |
|
| 942 |
_2ddc _cBK |
||